| 000 | 00384nam a22001457a 4500 | ||
|---|---|---|---|
| 008 | 231023b |||||||| |||| 00| 0 eng d | ||
| 050 |
_aTHE LB 875 .M 33 2015 C.1 _bC.1 |
||
| 100 | _aMACHOGU, ONYANCHA | ||
| 245 | _aTEACHING APPROACHES | ||
| 260 | _c2015 | ||
| 300 | _aXVII,116P. | ||
| 500 | _aINCLUDES BIBLIOGRAPHIC AND INDEX | ||
| 650 | _aTEACHING APPROACHES | ||
| 942 |
_2lcc _cBK |
||
| 999 |
_c207882 _d207882 |
||